000 00699nam a2200217 i 4500
001 51444
003 ES-MaACL
007 t|
008 030813s1953 sp ||||1| spa d
100 1 _aChevalier, Auguste.
_938408
245 1 3 _aEl tabaco /
_cAuguste Chevalier y H.F. Emmanuel ; versión española de Pedro Voltes Bou.
250 _a[1ª ed. española].
260 _aBarcelona :
_bSalvat,
_c[1953] (
_fImp. Hispano-Americana)
300 _a130 p. :
_bgráf. pleg. ;
_c17 cm.
490 1 _aSurco
700 0 _aVoltes Bou, Pedro,
_d1926-2009
_9115726
700 1 _aEmmanuel, H. F.
_947155
830 0 _aSurco
_9181374
852 _aES-MaACL
_jC-6291
_bR.35129
999 _c51444
_d51444